[Event "2. Bundesliga West 2014/15"]
[Site "Diverse"]
[Date "2014.11.29"]
[Round "4"]
[Board "6"]
[White "Neuschmied, Siegfried"]
[Black "Poettinger, Harald"]
[Result "1-0"]
[WhiteElo "2246"]
[BlackElo "2212"]
[PlyCount "141"]
[EventDate "2014.10.10"]
[EventType "team"]
[EventRounds "11"]
[EventCountry "AUT"]
[WhiteTeam "Kufstein / Woergl"]
[BlackTeam "Bregenz"]

1.e4 d6 2.d4 Nf6 3.Nc3 e5 4.Nge2 Be7 5.h3 c6 6.Be3 b5 7.a3 Bb7 8.Ng3 g6 9.Bh6 Nbd7
10.Be2 Qb6 11.d5 a6 12.O-O cxd5 13.exd5 Bf8 14.Be3 Qc7 15.f4 Bh6 16.Qd2 exf4 17.Bxf4
Bxf4 18.Rxf4 O-O 19.Kh2 Rae8 20.Raf1 Qd8 21.Rd4 Re5 22.Bf3 Qe7 23.a4 bxa4 24.Nxa4
Rc8 25.c4 Qd8 26.b3 a5 27.Bd1 Kg7 28.Nb2 Qb6 29.Qf2 Rce8 30.Nd3 Re3 31.Qb2 Qd8 32.Bc2
h5 33.Rdf4 Bc8 34.Nf2 Ne5 35.Nd1 Nfg4+ 36.Rxg4 hxg4 37.Nxe3 gxh3 38.Qd4 hxg2 39.Kxg2
Rh8 40.Rh1 Rxh1 41.Nxh1 Qg5+ 42.Ng3 f5 43.Kf2 f4 44.Ngf1 fxe3+ 45.Nxe3 Qf6+ 46.Ke2
Bg4+ 47.Nxg4 Qf3+ 48.Kd2 Qxg4 49.Qa7+ Kf6 50.Qxa5 Qf4+ 51.Kc3 Nf3 52.Qd8+ Kg7 53.Qe7+
Kh6 54.Qe4 Qf6+ 55.Kb4 Ne5 56.c5 dxc5+ 57.Kxc5 Nd7+ 58.Kc4 Qd6 59.Qe6 Qc7+ 60.Kd4
Qxc2 61.Qxd7 Qxb3 62.d6 Qb6+ 63.Kd5 Qb3+ 64.Ke5 Qe3+ 65.Kf6 Qd4+ 66.Ke7 g5 67.Qe6+
Kh5 68.d7 Qa7 69.Ke8 Qa4 70.Kf8 Qa3+ 71.Qe7 1-0

[Event "2. Bundesliga West 2014/15"]
[Site "Diverse"]
[Date "2014.11.29"]
[Round "4"]
[Board "1"]
[White "Schramm, Christian"]
[Black "Breder, Dennis"]
[Result "1-0"]
[WhiteElo "2397"]
[BlackElo "2471"]
[PlyCount "127"]
[EventDate "2014.10.10"]
[EventType "team"]
[EventRounds "11"]
[EventCountry "AUT"]
[WhiteTeam "SIR Bernhard 2"]
[BlackTeam "Hohenems II"]

1.e4 c5 2.Nf3 Nc6 3.Bb5 g6 4.O-O Bg7 5.Re1 e5 6.c3 Nge7 7.Na3 O-O 8.b3 a6 9.Bxc6 Nxc6
10.Bb2 d6 11.h3 f5 12.d3 Kh8 13.Qe2 b5 14.Nc2 a5 15.c4 bxc4 16.bxc4 fxe4 17.dxe4 Ra7
18.Rf1 Raf7 19.Nfe1 Qh4 20.Rd1 Nd4 21.Nxd4 exd4 22.Bc1 g5 23.f3 g4 24.hxg4 Be5 25.g3
Qxg3+ 26.Qg2 Bxg4 27.Qxg3 Bxg3 28.Bh6 Bh3 29.Bxf8 Bxf1 30.Bxd6 Bxd6 31.Kxf1 Bg3 32.Ke2
Bxe1 33.Rxe1 Rb7 34.e5 Rf7 35.e6 Re7 36.Kd3 Kg7 37.Re5 Kf6 38.Rxc5 Rxe6 39.Kxd4 a4
40.Ra5 h5 41.Rxh5 Re2 42.Ra5 Rxa2 43.Kc5 Ke5 44.Kb4+ Kd4 45.Rd5+ Ke3 46.c5 a3 47.Kb3
Ra1 48.c6 Rc1 49.Rd6 Ra1 50.c7 Rc1 51.Rd7 Kxf3 52.Kxa3 Ke4 53.Kb4 Ke5 54.Kb5 Ke6 55.Rh7
Kd6 56.Kb6 Rb1+ 57.Ka7 Ra1+ 58.Kb8 Rb1+ 59.Kc8 Ke6 60.Kd8 Rd1+ 61.Ke8 Rc1 62.Rh6+
Ke5 63.Kd7 Rd1+ 64.Kc6 1-0

[Event "2. Bundesliga West 2014/15"]
[Site "Diverse"]
[Date "2014.11.29"]
[Round "4"]
[Board "2"]
[White "Froewis, Georg"]
[Black "Durakovic, Alman"]
[Result "1/2-1/2"]
[WhiteElo "2434"]
[BlackElo "2314"]
[PlyCount "60"]
[EventDate "2014.10.10"]
[EventType "team"]
[EventRounds "11"]
[EventCountry "AUT"]
[WhiteTeam "Hohenems II"]
[BlackTeam "SIR Bernhard 2"]

1.Nf3 Nf6 2.g3 g6 3.b3 Bg7 4.Bb2 O-O 5.Bg2 d6 6.d4 e5 7.dxe5 Nfd7 8.O-O dxe5 9.e4
a5 10.Nbd2 Nc6 11.Nc4 b6 12.Qd5 Bb7 13.Rfd1 Nc5 14.Qxd8 Rfxd8 15.Nfxe5 Nxe5 16.Bxe5
Bxe5 17.Nxe5 Bxe4 18.Bxe4 Nxe4 19.Nc6 Rd6 20.Rxd6 Nxd6 21.Re1 Re8 22.Rxe8+ Nxe8 23.Kg2
f6 24.Kf3 Kf7 25.Ke4 Ke6 26.Nd4+ Kd6 27.c4 c6 28.a3 Nc7 29.b4 axb4 30.axb4 c5 1/2-1/2

[Event "2. Bundesliga West 2014/15"]
[Site "Diverse"]
[Date "2014.11.29"]
[Round "4"]
[Board "3"]
[White "Velickovic, Zoran"]
[Black "Kessler, Luca"]
[Result "*"]
[WhiteElo "2398"]
[BlackElo "2324"]
[PlyCount "85"]
[EventDate "2014.10.10"]
[EventType "team"]
[EventRounds "11"]
[EventCountry "AUT"]
[WhiteTeam "SIR Bernhard 2"]
[BlackTeam "Hohenems II"]

1.Nf3 Nf6 2.g3 g6 3.c4 Bg7 4.Bg2 O-O 5.d4 c6 6.O-O d5 7.b3 dxc4 8.bxc4 c5 9.Bb2 Qb6
10.Qb3 Nc6 11.dxc5 Qxc5 12.Nbd2 Rb8 13.Qb5 Qh5 14.Nb3 Be6 15.Nfd4 Nxd4 16.Nxd4 Qxb5
17.cxb5 Bd5 18.a4 Bxg2 19.Kxg2 Rfc8 20.Rac1 Ne4 21.Rfd1 Nd6 22.e3 Rc4 23.Ba3 Rxa4
24.Bxd6 exd6 25.Nf3 Rb4 26.Rd5 a6 27.bxa6 bxa6 28.Rxd6 R4b6 29.Rxb6 Rxb6 30.Rc8+ Bf8
31.Ne5 Rd6 32.Ra8 f6 33.Nf3 Kf7 34.Ra7+ Be7 35.g4 Rb6 36.h4 h6 37.Nd4 Ke8 38.h5 gxh5
39.gxh5 Bf8 40.Kg3 Bd6+ 41.Kg4 Be5 42.Ra8+ Kf7 43.Nf5

[Event "2. Bundesliga West 2014/15"]
[Site "Diverse"]
[Date "2014.11.29"]
[Round "4"]
[Board "4"]
[White "Novkovic, Milan"]
[Black "Harringer, Franz"]
[Result "1-0"]
[WhiteElo "2380"]
[BlackElo "2239"]
[PlyCount "51"]
[EventDate "2014.10.10"]
[EventType "team"]
[EventRounds "11"]
[EventCountry "AUT"]
[WhiteTeam "Hohenems II"]
[BlackTeam "SIR Bernhard 2"]

1.d4 Nf6 2.c4 g6 3.Nf3 Bg7 4.e3 O-O 5.Be2 d5 6.cxd5 Nxd5 7.e4 Nb4 8.a3 N4a6 9.Nc3
c5 10.d5 e6 11.O-O exd5 12.exd5 Qb6 13.Nd2 Bf5 14.Nc4 Qf6 15.Be3 h6 16.Qb3 b6 17.Bf3
Nd7 18.d6 Rad8 19.Nd5 Qe6 20.Rfe1 Ne5 21.Bxh6 Rfe8 22.Ne7+ Rxe7 23.dxe7 Rd3 24.Qa4
Nc7 25.Bxg7 Qxc4 26.e8=Q+ 1-0

[Event "2. Bundesliga West 2014/15"]
[Site "Diverse"]
[Date "2014.11.29"]
[Round "4"]
[Board "5"]
[White "Wieneroiter, Gerald"]
[Black "Burschowsky, Matthias"]
[Result "1-0"]
[WhiteElo "2140"]
[BlackElo "2208"]
[PlyCount "177"]
[EventDate "2014.10.10"]
[EventType "team"]
[EventRounds "11"]
[EventCountry "AUT"]
[WhiteTeam "SIR Bernhard 2"]
[BlackTeam "Hohenems II"]

1.Nf3 Nf6 2.c4 c5 3.g3 b6 4.Bg2 Bb7 5.Nc3 g6 6.O-O Bg7 7.b3 O-O 8.Bb2 e6 9.d4 cxd4
10.Nxd4 Bxg2 11.Kxg2 d5 12.cxd5 Nxd5 13.Rc1 Nf4+ 14.gxf4 Bxd4 15.e3 Bg7 16.Ba3 Re8
17.Qf3 Na6 18.Nb5 Qd2 19.Qb7 Nc5 20.Bxc5 bxc5 21.Nc7 Rab8 22.Qxa7 Rec8 23.Rxc5 Bf8
24.Rc4 Qd7 25.Rfc1 Ra8 26.Qd4 Qxd4 27.Rxd4 Rxa2 28.Rdc4 Rb2 29.Nb5 Rb8 30.Nd4 Kg7
31.Rc8 Rb6 32.R1c6 Rb4 33.Rc4 Rb6 34.R8c6 Rb7 35.Rc7 Rb6 36.Rd7 Ra6 37.Rcc7 Kg8 38.Rxf7
Raa2 39.Nxe6 Rxf2+ 40.Kg3 Rg2+ 41.Kf3 Bh6 42.Rfd7 Rgf2+ 43.Ke4 Ra8 44.Rxh7 Re8 45.Rce7
Rxe7 46.Rxe7 Bf8 47.Nxf8 Kxf8 48.Rb7 Rxh2 49.Ke5 Re2 50.e4 g5 51.fxg5 Rg2 52.Kf5 Rf2+
53.Ke5 Rg2 54.Kf4 Rf2+ 55.Kg3 Rf1 56.e5 Rf5 57.g6 Rg5+ 58.Kf4 Rxg6 59.Kf5 Ra6 60.b4
Ke8 61.b5 Rh6 62.Ke4 Kd8 63.Kd5 Kc8 64.Re7 Rb6 65.Kc5 Rh6 66.b6 Rh1 67.b7+ Kb8 68.e6
Rc1+ 69.Kd6 Rd1+ 70.Ke5 Re1+ 71.Kf6 Rf1+ 72.Kg7 Rg1+ 73.Kf8 Re1 74.Ke8 Re2 75.Kf8
Re1 76.Re8+ Kxb7 77.Ke7 Kc7 78.Rf8 Re2 79.Rf1 Kc8 80.Rc1+ Kb7 81.Kd7 Rd2+ 82.Ke8 Re2
83.e7 Kb8 84.Rc4 Rf2 85.Kd7 Rd2+ 86.Ke6 Re2+ 87.Kd6 Re1 88.Rc5 Kb7 89.Re5 1-0

[Event "2. Bundesliga West 2014/15"]
[Site "Diverse"]
[Date "2014.11.29"]
[Round "4"]
[Board "6"]
[White "Atlas, Dmitry"]
[Black "Prodinger, Johannes"]
[Result "1-0"]
[WhiteElo "2220"]
[BlackElo "1911"]
[PlyCount "71"]
[EventDate "2014.10.10"]
[EventType "team"]
[EventRounds "11"]
[EventCountry "AUT"]
[WhiteTeam "Hohenems II"]
[BlackTeam "SIR Bernhard 2"]

1.e4 c5 2.c3 d5 3.exd5 Qxd5 4.d4 e6 5.Nf3 Nf6 6.Be2 Nc6 7.Be3 cxd4 8.cxd4 Be7 9.Nc3
Qd6 10.a3 O-O 11.O-O b6 12.Qb3 Bb7 13.Rad1 Rad8 14.Rfe1 h6 15.h3 Qb8 16.Qc2 Rfe8 17.Qc1
Bf8 18.Bf4 Qa8 19.Qe3 Ne7 20.Be5 Ned5 21.Qc1 Bd6 22.Nb5 Bb8 23.Bxb8 Qxb8 24.Ne5 a6
25.Nc3 Nxc3 26.bxc3 Nd7 27.Ng4 Kh7 28.Bd3+ f5 29.Ne5 Nxe5 30.Rxe5 Rd5 31.Rde1 Rxe5
32.Rxe5 Qc8 33.Qe3 Bd5 34.Bxf5+ exf5 35.Rxe8 Qc6 36.Re7 1-0

[Event "2. Bundesliga West 2014/15"]
[Site "Diverse"]
[Date "2014.11.29"]
[Round "4"]
[Board "3"]
[White "Wuppinger, Manfred"]
[Black "Novkovic, Julia"]
[Result "1-0"]
[WhiteElo "2073"]
[BlackElo "2156"]
[PlyCount "45"]
[EventDate "2014.10.10"]
[EventType "team"]
[EventRounds "11"]
[EventCountry "AUT"]
[WhiteTeam "Sparkasse Neumarkt"]
[BlackTeam "Dornbirn"]

1.e4 e5 2.Nf3 Nc6 3.Bc4 Nf6 4.Ng5 d5 5.exd5 b5 6.Bxb5 Qxd5 7.Bxc6+ Qxc6 8.Qf3 e4 9.Qb3
Bb7 10.Qxf7+ Kd8 11.Ne6+ Kc8 12.Nxf8 Qxc2 13.Nc3 Qd3 14.Ne6 Nd7 15.Qf4 Qd6 16.Qxd6
cxd6 17.Nb5 Bc6 18.Nxd6+ Kb8 19.O-O a5 20.b3 Ra6 21.Ba3 Nf6 22.Rac1 Ba8 23.Nc7 1-0

[Event "2. Bundesliga West 2014/15"]
[Site "Diverse"]
[Date "2014.11.29"]
[Round "4"]
[Board "4"]
[White "Kanonier, Clemens"]
[Black "Egger, Martin"]
[Result "0-1"]
[WhiteElo "2117"]
[BlackElo "2061"]
[PlyCount "118"]
[EventDate "2014.10.10"]
[EventType "team"]
[EventRounds "11"]
[EventCountry "AUT"]
[WhiteTeam "Dornbirn"]
[BlackTeam "Sparkasse Neumarkt"]

1.e4 e5 2.Bc4 Nf6 3.d3 Nc6 4.Nf3 Bc5 5.c3 O-O 6.b4 Be7 7.b5 Na5 8.Nxe5 Nxc4 9.Nxc4
d5 10.Ncd2 Bd6 11.Qe2 c6 12.a4 Qc7 13.h3 Re8 14.O-O dxe4 15.dxe4 Bf5 16.Qf3 Bxe4 17.Nxe4
Rxe4 18.Nd2 Rf4 19.Qd3 Rd8 20.Qc2 Qe7 21.Nf3 Re4 22.Bg5 Re2 23.Qb3 h6 24.Be3 Nd5 25.Rfe1
Rxe1+ 26.Rxe1 Nxe3 27.Rxe3 Qf6 28.bxc6 bxc6 29.Qc4 Bf4 30.Re1 Bc7 31.Nd4 Bb6 32.Re4
Bxd4 33.cxd4 Rb8 34.Qe2 Kf8 35.g3 g6 36.Kg2 Qd6 37.Qe3 Kg7 38.h4 Qd5 39.Kh2 Rb3 40.Qf4
Rb4 41.a5 c5 42.Qe5+ Qxe5 43.Rxe5 cxd4 44.Kg2 Kf6 45.f4 d3 46.Rd5 Ra4 47.Rxd3 Rxa5
48.Kf3 h5 49.Rb3 Ke6 50.Rb7 Ra3+ 51.Kf2 a5 52.Rb5 a4 53.Re5+ Kd6 54.Ra5 Ke6 55.f5+
gxf5 56.Ra6+ Ke5 57.Rh6 Ke4 58.Rxh5 Ra2+ 59.Kf1 a3 0-1

[Event "2. Bundesliga West 2014/15"]
[Site "Diverse"]
[Date "2014.11.29"]
[Round "4"]
[Board "5"]
[White "Baier, Patrick"]
[Black "Proyer, Enno"]
[Result "1-0"]
[WhiteElo "1954"]
[BlackElo "1906"]
[PlyCount "69"]
[EventDate "2014.10.10"]
[EventType "team"]
[EventRounds "11"]
[EventCountry "AUT"]
[WhiteTeam "Sparkasse Neumarkt"]
[BlackTeam "Dornbirn"]

1.Nf3 d5 2.g3 Nf6 3.Bg2 e6 4.d3 c5 5.O-O Nc6 6.Nbd2 Be7 7.e4 O-O 8.Re1 Qc7 9.Qe2 b5
10.e5 Nd7 11.Nf1 a5 12.Bf4 Ba6 13.h4 c4 14.Ne3 d4 15.Ng4 a4 16.a3 Rab8 17.Ng5 Rfd8
18.Be4 Nf8 19.Nxh7 Nxh7 20.Bxh7+ Kxh7 21.Nf6+ Bxf6 22.Qh5+ Kg8 23.exf6 e5 24.Qg5 Kf8
25.fxg7+ Kg8 26.Bxe5 Nxe5 27.Rxe5 Rb6 28.Rae1 Rg6 29.Re8+ Rxe8 30.Rxe8+ Kxg7 31.Qh5
Rh6 32.Qg4+ Rg6 33.Qxd4+ f6 34.Qe3 Qc6 35.Qe7+ 1-0

[Event "2. Bundesliga West 2014/15"]
[Site "Diverse"]
[Date "2014.11.29"]
[Round "4"]
[Board "6"]
[White "Ruescher, Christian"]
[Black "Kampl, Walter"]
[Result "1-0"]
[WhiteElo "2093"]
[BlackElo "1890"]
[PlyCount "63"]
[EventDate "2014.10.10"]
[EventType "team"]
[EventRounds "11"]
[EventCountry "AUT"]
[WhiteTeam "Dornbirn"]
[BlackTeam "Sparkasse Neumarkt"]

1.Nf3 f5 2.d3 Nf6 3.Nbd2 d6 4.e4 e5 5.c3 Nc6 6.exf5 Bxf5 7.Qb3 Na5 8.Qa4+ c6 9.b4
b5 10.Qxa5 Qxa5 11.bxa5 Be7 12.a4 Nd5 13.axb5 cxb5 14.d4 Nxc3 15.dxe5 Rb8 16.Nd4 Bg6
17.Bb2 Na4 18.Nc6 Rb7 19.Nxe7 Kxe7 20.Bd4 Rc8 21.Be2 Nc3 22.Bf3 Rbc7 23.O-O b4 24.Rfe1
d5 25.Bg4 Rb8 26.Rac1 h5 27.Bf3 Ke6 28.Nb3 Rbc8 29.h4 Be8 30.Bxc3 Rxc3 31.Rxc3 Rxc3
32.Nd4+ 1-0

[Event "2. Bundesliga West 2014/15"]
[Site "Diverse"]
[Date "2014.11.29"]
[Round "4"]
[Board "1"]
[White "Fedorovsky, Michael"]
[Black "Krstic, Uros"]
[Result "0-1"]
[WhiteElo "2444"]
[BlackElo "2428"]
[PlyCount "76"]
[EventDate "2014.10.10"]
[EventType "team"]
[EventRounds "11"]
[EventCountry "AUT"]
[WhiteTeam "Rochade Rum"]
[BlackTeam "Schwarzach"]

1.d4 g6 2.c4 Bg7 3.e4 d6 4.Nc3 Nc6 5.Be3 Nf6 6.d5 Ne5 7.h3 O-O 8.f4 Ned7 9.Bd3 Re8
10.Nf3 e5 11.fxe5 Nxe5 12.Nxe5 Rxe5 13.O-O Nd7 14.Qd2 a6 15.Rf2 Qf8 16.Raf1 Re7 17.Ne2
Ne5 18.Bg5 Re8 19.Kh1 Bd7 20.Ng1 b5 21.b3 bxc4 22.bxc4 c6 23.Nf3 Nxd3 24.Qxd3 cxd5
25.exd5 Rac8 26.Nd4 f5 27.g4 h6 28.Bd2 Bxd4 29.Qxd4 Qg7 30.Qd3 Re4 31.gxf5 Rh4 32.Qc3
Qe7 33.Re1 Qf7 34.Qg3 g5 35.Qxd6 Rxh3+ 36.Rh2 Qxf5 37.Qe5 Qf3+ 38.Kg1 Rg3+ 0-1

[Event "2. Bundesliga West 2014/15"]
[Site "Diverse"]
[Date "2014.11.29"]
[Round "4"]
[Board "2"]
[White "Biti, Ozren"]
[Black "Braeuer, Franz"]
[Result "1/2-1/2"]
[WhiteElo "2353"]
[BlackElo "2387"]
[PlyCount "64"]
[EventDate "2014.10.10"]
[EventType "team"]
[EventRounds "11"]
[EventCountry "AUT"]
[WhiteTeam "Schwarzach"]
[BlackTeam "Rochade Rum"]

1.e4 c5 2.Nc3 e6 3.Nf3 a6 4.g3 b5 5.Bg2 Bb7 6.d3 Be7 7.O-O d6 8.e5 dxe5 9.Nxe5 Bxg2
10.Kxg2 Nf6 11.Qf3 Ra7 12.a4 b4 13.Ne4 O-O 14.Be3 Rc7 15.h4 Nd5 16.Nc4 Nd7 17.a5 Rc8
18.Rad1 Qc7 19.Bg5 Ne5 20.Qh5 Nc6 21.Bxe7 Ncxe7 22.Ned2 Nf5 23.Nb3 Qc6 24.Kg1 Nd6
25.Qf3 Rfd8 26.Nxd6 Qxd6 27.Nd2 Qc6 28.Nc4 b3 29.cxb3 Nb4 30.Qxc6 Rxc6 31.Rd2 Rc7
32.Rc1 Kf8 1/2-1/2

[Event "2. Bundesliga West 2014/15"]
[Site "Diverse"]
[Date "2014.11.29"]
[Round "4"]
[Board "3"]
[White "Pogan, Nikolas"]
[Black "Roeberg, Frank"]
[Result "1/2-1/2"]
[WhiteElo "2284"]
[BlackElo "2249"]
[PlyCount "66"]
[EventDate "2014.10.10"]
[EventType "team"]
[EventRounds "11"]
[EventCountry "AUT"]
[WhiteTeam "Rochade Rum"]
[BlackTeam "Schwarzach"]

1.c4 c5 2.g3 g6 3.Bg2 Bg7 4.Nc3 Nc6 5.a3 e6 6.Rb1 Nge7 7.Nf3 O-O 8.O-O d5 9.d3 b6
10.Bg5 h6 11.Bd2 Bb7 12.b4 cxb4 13.axb4 dxc4 14.dxc4 Rc8 15.c5 bxc5 16.bxc5 Na5 17.Na4
Bc6 18.Qc2 Nb7 19.Rfc1 Qd7 20.Qd3 Rfd8 21.Qa6 Nd5 22.Ne1 Rc7 23.Nb2 Bb5 24.Qxa7 Nxc5
25.Qa3 Bf8 26.Qf3 Rdc8 27.Ned3 Nxd3 28.Nxd3 Nc3 29.Rxc3 Rxc3 30.Bxc3 Rxc3 31.Ne5 Qc7
32.Qxf7+ Qxf7 33.Nxf7 Bxe2 1/2-1/2

[Event "2. Bundesliga West 2014/15"]
[Site "Diverse"]
[Date "2014.11.29"]
[Round "4"]
[Board "4"]
[White "Hecht, Hans-Joachim"]
[Black "Spornberger, Maximilian"]
[Result "0-1"]
[WhiteElo "2326"]
[BlackElo "2347"]
[PlyCount "108"]
[EventDate "2014.10.10"]
[EventType "team"]
[EventRounds "11"]
[EventCountry "AUT"]
[WhiteTeam "Schwarzach"]
[BlackTeam "Rochade Rum"]

1.b4 e5 2.Bb2 Bxb4 3.Bxe5 Nf6 4.e3 Nc6 5.Bb2 d5 6.Nf3 O-O 7.c4 Re8 8.cxd5 Nxd5 9.Be2
Qe7 10.O-O Bf5 11.a3 Ba5 12.Qa4 a6 13.Nd4 Nxd4 14.Qxd4 Nf6 15.Qf4 Bg6 16.Qa4 Bb6 17.Nc3
c5 18.Rfd1 Rad8 19.d3 Rd7 20.Rd2 Red8 21.Qc4 Ba5 22.a4 Bf5 23.Rdd1 h6 24.Rac1 Be6
25.Qh4 Bb3 26.Rf1 Bb4 27.Qg3 Bxc3 28.Rxc3 Bxa4 29.Rxc5 Qxc5 30.Bxf6 Qf8 31.Bxd8 Qxd8
32.d4 Bc6 33.Rc1 Rd6 34.Bf3 Qd7 35.h3 a5 36.Bg4 Qe7 37.Rc5 a4 38.Bf3 Qd7 39.Bg4 Qe7
40.Kh2 Rd8 41.Bf3 Bxf3 42.Qxf3 a3 43.Rc2 b5 44.e4 b4 45.d5 Qe5+ 46.g3 Rb8 47.Qb3 Qxe4
48.Rd2 Qe1 49.Rc2 Rd8 50.Kg2 Qe4+ 51.f3 Qd4 52.g4 Rxd5 53.Rc4 Qd2+ 54.Kg3 Qe1+ 0-1

[Event "2. Bundesliga West 2014/15"]
[Site "Diverse"]
[Date "2014.11.29"]
[Round "4"]
[Board "6"]
[White "Ljubic, Juro"]
[Black "Hoellrigl, Wilfried"]
[Result "1/2-1/2"]
[WhiteElo "2213"]
[BlackElo "2153"]
[PlyCount "93"]
[EventDate "2014.10.10"]
[EventType "team"]
[EventRounds "11"]
[EventCountry "AUT"]
[WhiteTeam "Schwarzach"]
[BlackTeam "Rochade Rum"]

1.e4 c5 2.Nf3 Nc6 3.Nc3 e6 4.d4 cxd4 5.Nxd4 Nf6 6.Nxc6 bxc6 7.e5 Nd5 8.Bd2 Qc7 9.Nxd5
cxd5 10.Bc3 a5 11.a3 Ba6 12.Bxa6 Rxa6 13.O-O Be7 14.Qg4 O-O 15.Rfe1 f5 16.exf6 Bxf6
17.Bxf6 Rxf6 18.Rac1 Rc6 19.Re2 h6 20.Qg3 Qb6 21.b3 d4 22.Rd1 Rc3 23.Qe5 d3 24.Rxd3
Rxd3 25.cxd3 Qxb3 26.Qxa5 Qxd3 27.Re1 Qd4 28.Rf1 Rf5 29.Qb4 Qa7 30.a4 d5 31.h3 Rf7
32.Qb5 Kh7 33.a5 g6 34.Qb6 Qxb6 35.axb6 Rb7 36.Rb1 Kg7 37.f4 Kf6 38.Kf2 Ke7 39.g4
Kd6 40.h4 h5 41.gxh5 gxh5 42.Kf3 Kc5 43.Rc1+ Kxb6 44.Re1 Kc5 45.Rxe6 Rb3+ 46.Re3 Rxe3+
47.Kxe3 1/2-1/2

[Event "2. Bundesliga West 2014/15"]
[Site "Diverse"]
[Date "2014.11.29"]
[Round "4"]
[Board "1"]
[White "Bayer, Bernhard"]
[Black "Medvegy, Zoltan"]
[Result "*"]
[WhiteElo "2441"]
[BlackElo "2526"]
[PlyCount "34"]
[EventDate "2014.10.10"]
[EventType "team"]
[EventRounds "11"]
[EventCountry "AUT"]
[WhiteTeam "Schwaz"]
[BlackTeam "Ranshofen"]

1.Nf3 Nf6 2.c4 b6 3.g3 Bb7 4.Bg2 g6 5.O-O Bg7 6.d4 O-O 7.Qc2 c5 8.d5 b5 9.e4 bxc4
10.Nbd2 e6 11.d6 Nc6 12.a3 Re8 13.Nxc4 Nd4 14.Nxd4 cxd4 15.Bg5 h6 16.Bxf6 Bxf6 17.Qa4
Bc6

[Event "2. Bundesliga West 2014/15"]
[Site "Diverse"]
[Date "2014.11.29"]
[Round "4"]
[Board "2"]
[White "Dovzik, Juri"]
[Black "Panteleev, Petar"]
[Result "1/2-1/2"]
[WhiteElo "2303"]
[BlackElo "2239"]
[PlyCount "61"]
[EventDate "2014.10.10"]
[EventType "team"]
[EventRounds "11"]
[EventCountry "AUT"]
[WhiteTeam "Ranshofen"]
[BlackTeam "Schwaz"]

1.d4 Nf6 2.c4 g6 3.g3 Bg7 4.Bg2 O-O 5.Nc3 d6 6.Nf3 Nbd7 7.O-O e5 8.e4 c6 9.h3 a6 10.Re1
exd4 11.Nxd4 Ne5 12.b3 c5 13.Nc2 b5 14.f4 Nh5 15.fxe5 Bxe5 16.Ne2 Nxg3 17.Nxg3 Bxg3
18.Bb2 Qh4 19.Re2 Bxh3 20.Bxh3 Qxh3 21.Qf1 Qe6 22.Qf6 Qxf6 23.Bxf6 Rfe8 24.Kg2 Be5
25.Bxe5 Rxe5 26.Rd1 Re6 27.Kf3 Rae8 28.Rdd2 Kg7 29.Ne1 h5 30.Nd3 Rf6+ 31.Kg3 1/2-1/2

[Event "2. Bundesliga West 2014/15"]
[Site "Diverse"]
[Date "2014.11.29"]
[Round "4"]
[Board "3"]
[White "Fuchs, Georg"]
[Black "Webersberger, Johann"]
[Result "0-1"]
[WhiteElo "2187"]
[BlackElo "2376"]
[PlyCount "54"]
[EventDate "2014.10.10"]
[EventType "team"]
[EventRounds "11"]
[EventCountry "AUT"]
[WhiteTeam "Schwaz"]
[BlackTeam "Ranshofen"]

1.e4 d6 2.d4 Nf6 3.Nc3 e5 4.Nf3 Nbd7 5.Bc4 Be7 6.Qe2 O-O 7.Bd2 c6 8.O-O-O b5 9.Bb3
Qc7 10.g4 a5 11.g5 a4 12.gxf6 Nxf6 13.Bxf7+ Rxf7 14.dxe5 dxe5 15.Ng5 Rf8 16.Rhg1 Kh8
17.f4 b4 18.Nb1 b3 19.cxb3 axb3 20.a3 exf4 21.e5 f3 22.Nxf3 Nd5 23.Qg2 Bc5 24.Rge1
Qf7 25.Ng5 Qg6 26.Re4 Bf5 27.Rc4 Ne3 0-1

[Event "2. Bundesliga West 2014/15"]
[Site "Diverse"]
[Date "2014.11.29"]
[Round "4"]
[Board "4"]
[White "Ager, Josef"]
[Black "Gruber, Michael"]
[Result "1-0"]
[WhiteElo "2109"]
[BlackElo "2196"]
[PlyCount "95"]
[EventDate "2014.10.10"]
[EventType "team"]
[EventRounds "11"]
[EventCountry "AUT"]
[WhiteTeam "Ranshofen"]
[BlackTeam "Schwaz"]

1.d4 f5 2.Bg5 g6 3.Nc3 Bg7 4.h4 d5 5.Qd2 h6 6.Bf4 Nf6 7.Nf3 Be6 8.Ne5 Bf7 9.f3 c6
10.g4 Nbd7 11.gxf5 gxf5 12.O-O-O Nh5 13.Nxf7 Kxf7 14.e4 e6 15.Bh2 Qxh4 16.Be2 f4 17.Rdg1
Qf2 18.Bxf4 Qxd4 19.Rxg7+ Qxg7 20.Rxh5 Nf6 21.Rh1 Qg2 22.Qe1 Rag8 23.Be5 h5 24.Qh4
Qg5+ 25.f4 Qxh4 26.Rxh4 Rg2 27.exd5 exd5 28.Kd2 Re8 29.Ke1 Reg8 30.Bxf6 Kxf6 31.Rxh5
Kg6 32.Kf1 Kf6 33.Bd3 R2g4 34.Ne2 R8g7 35.Kf2 Re7 36.Kf3 Rg8 37.Nd4 Re1 38.Rh6+ Kf7
39.Nf5 Reg1 40.Rh7+ Kf6 41.Rxb7 c5 42.b3 Rh8 43.Rd7 Rh3+ 44.Kf2 Rg4 45.Rd6+ Kf7 46.Rxd5
Rxf4+ 47.Kg2 Rh8 48.Kg3 1-0

[Event "2. Bundesliga West 2014/15"]
[Site "Diverse"]
[Date "2014.11.29"]
[Round "4"]
[Board "5"]
[White "Binder, Moriz"]
[Black "Knechtel, Roland"]
[Result "0-1"]
[WhiteElo "2146"]
[BlackElo "2258"]
[PlyCount "64"]
[EventDate "2014.10.10"]
[EventType "team"]
[EventRounds "11"]
[EventCountry "AUT"]
[WhiteTeam "Schwaz"]
[BlackTeam "Ranshofen"]

1.d4 d5 2.c4 e6 3.Nc3 Be7 4.Nf3 Nf6 5.Bf4 O-O 6.e3 b6 7.Rc1 c6 8.Be2 Nbd7 9.cxd5 exd5
10.h3 Bb7 11.O-O Re8 12.a3 Nf8 13.b4 Ne6 14.Bh2 Bd6 15.Ne5 Qe7 16.Qa4 b5 17.Qb3 a5
18.Nd3 Bxh2+ 19.Kxh2 axb4 20.axb4 Nd7 21.Ra1 Nb6 22.Nc5 Nc4 23.Bxc4 Nxc5 24.bxc5 dxc4
25.Qb4 f5 26.Kg1 f4 27.e4 f3 28.Rxa8 Rxa8 29.gxf3 Bc8 30.f4 Bxh3 31.Re1 Qh4 32.Ne2
Qg4+ 0-1

[Event "2. Bundesliga West 2014/15"]
[Site "Diverse"]
[Date "2014.11.29"]
[Round "4"]
[Board "6"]
[White "Kuecher, Wolfgang"]
[Black "Streiter, Gerhard"]
[Result "1/2-1/2"]
[WhiteElo "2077"]
[BlackElo "1986"]
[PlyCount "61"]
[EventDate "2014.10.10"]
[EventType "team"]
[EventRounds "11"]
[EventCountry "AUT"]
[WhiteTeam "Ranshofen"]
[BlackTeam "Schwaz"]

1.d4 d5 2.c4 c6 3.Nf3 Nf6 4.Nc3 dxc4 5.a4 Bf5 6.e3 e6 7.Bxc4 Bb4 8.O-O Nbd7 9.h3 O-O
10.Qe2 Bg6 11.Rd1 Qe7 12.Nh4 e5 13.Nxg6 hxg6 14.d5 cxd5 15.Nxd5 Nxd5 16.Bxd5 Nb6 17.e4
Nxd5 18.Rxd5 Rfd8 19.Be3 Rxd5 20.exd5 Rd8 21.Rd1 a6 22.Qc4 Bd6 23.Bb6 Re8 24.Re1 f5
25.Bd4 Qd7 26.Bc3 g5 27.Bd2 Rc8 28.Qb3 Qe7 29.Bc3 e4 30.Qd1 Qf7 31.Qd2 1/2-1/2

[Event "2. Bundesliga West 2014/15"]
[Site "Diverse"]
[Date "2014.11.30"]
[Round "5"]
[Board "1"]
[White "Loetscher, Roland"]
[Black "Krassowizkij, Jaroslaw"]
[Result "1/2-1/2"]
[WhiteElo "2458"]
[BlackElo "2408"]
[PlyCount "102"]
[EventDate "2014.10.10"]
[EventType "team"]
[EventRounds "11"]
[EventCountry "AUT"]
[WhiteTeam "Kufstein / Woergl"]
[BlackTeam "Goetzis"]

1.d4 Nf6 2.c4 g6 3.g3 c6 4.Bg2 d5 5.e3 b5 6.cxd5 cxd5 7.Ne2 e6 8.Nd2 Bb7 9.Nb3 Nbd7
10.Bd2 a5 11.O-O a4 12.Nbc1 b4 13.Nd3 Qb6 14.a3 b3 15.Bb4 Ba6 16.Bxf8 Kxf8 17.Nc3
Qd6 18.Re1 Kg7 19.Nb4 Bc4 20.f3 h5 21.Rc1 Nb6 22.Qd2 Rhd8 23.Red1 Rac8 24.Bh3 Nfd7
25.Qf2 Nb8 26.e4 Nc6 27.e5 Qe7 28.Nxc6 Rxc6 29.f4 Rdc8 30.Bg2 Ba6 31.h3 Rxc3 32.bxc3
Qxa3 33.g4 hxg4 34.hxg4 b2 35.Rb1 Nc4 36.f5 Qxc3 37.fxe6 fxe6 38.Qf6+ Kh7 39.Qf7+
Kh8 40.Qf6+ Kh7 41.Qe7+ Kh6 42.Kh2 Nxe5 43.Rh1 Qe3 44.dxe5 Rc2 45.Qh4+ Kg7 46.Qf6+
Kh7 47.Rhe1 Be2 48.Qe7+ Kh8 49.Qf6+ Kh7 50.Qe7+ Kh8 51.Qf6+ Kh7 1/2-1/2

[Event "2. Bundesliga West 2014/15"]
[Site "Diverse"]
[Date "2014.11.30"]
[Round "5"]
[Board "2"]
[White "Eisenbeiser, Amadeus"]
[Black "Bertagnolli, Alexander"]
[Result "0-1"]
[WhiteElo "2365"]
[BlackElo "2343"]
[PlyCount "102"]
[EventDate "2014.10.10"]
[EventType "team"]
[EventRounds "11"]
[EventCountry "AUT"]
[WhiteTeam "Goetzis"]
[BlackTeam "Kufstein / Woergl"]

1.e4 c5 2.Nf3 d6 3.Bc4 Nf6 4.Qe2 e6 5.c3 Be7 6.Bb3 b6 7.O-O Ba6 8.d3 Nc6 9.Re1 d5
10.e5 Nd7 11.Bc2 Rc8 12.Bf4 g5 13.Bg3 h5 14.h3 Nf8 15.Nfd2 Ng6 16.Nf1 Bf8 17.Nbd2
Bg7 18.Nf3 g4 19.hxg4 hxg4 20.N3h2 Bxe5 21.Qxg4 Bxg3 22.fxg3 Rg8 23.Nf3 Nge7 24.Qh5
Kd7 25.Qxf7 Rg6 26.d4 Rh6 27.Rxe6 Rxe6 28.Bf5 Qf8 29.Qxe6+ Kc7 30.Bh3 Rd8 31.Qe3 Qg7
32.Qf4+ Kb7 33.Ne3 Be2 34.dxc5 bxc5 35.Nh4 d4 36.Nef5 Nxf5 37.Nxf5 Qe5 38.Qxe5 Nxe5
39.cxd4 cxd4 40.Kf2 d3 41.b3 Bh5 42.Ng7 Ng4+ 43.Kg1 d2 44.Rd1 Nf2 45.Rxd2 Rxd2 46.Nxh5
Nxh3+ 47.gxh3 Rxa2 48.g4 Kc7 49.Nf4 Rb2 50.Ne6+ Kd6 51.Nd4 Kd5 0-1